00000000nam##2200000za#4500
0019.623563
003CaOODSP
00520240212134142
007ta
008150406|1995||||xxc|||||     f|0| 0 fre|d
020 |a0-662-80653-0
022 |a1713-0646
040 |aCaOODSP|bfre
043 |an-cn---
0861 |aNE22-1/1995-11F
1101 |aCanada. |bOffice national de l'énergie.
24510|aTransCanada PipeLines Limited : |bdemande du 18 avril 1995, dans sa version modifiée, visant les installations de 1996 et 1997
260 |aCalgary - Alberta : |bOffice national de l'énergie |cNovembre 1995.
300 |ax, 76p. : |bfigure, tableaux ; |c28 cm.
4901 |aMotifs de décision|x1713-0646
563 |aCouverture souple
590 |a95-50|b1995-12-15
77508|tTransCanada PipeLines Limited : |w(CaOODSP)9.612639
7760#|tMotifs de décision relativement à TransCanada PipeLines Limited : |w(CaOODSP)9.602814
830#0|aMotifs de décision (Canada. Office national de l'énergie)|x1713-0646|w(CaOODSP)9.513162
986 |aGH-3-95